000 00946nam a22003017a 4500
001 7510
003 FISKH
005 20250722144948.0
008 250722b cb ||||| |||| 00| 0 eng d
020 _a9780689836749
040 _aFISKH
_beng
_cFISKH
_dFISKH
050 _aPE1591 .F247
082 _a428.1
100 _aFalconer, Ian
245 _aOlivia's opposites /
_cBy Ian Falconer
260 _aNew York :
_bAtheneum Books for Young Readers ,
_c2002.
300 _a12 unnumbered pages :
_bcolor illustrations ;
_c18 cm .
490 _aOlivia (Board Books )
505 _aC
520 _aOlivia the piglet introduces the concept of opposites by demonstrating word pairs.
521 8 _a100
_bLexile estimate
521 8 _aC
_bRaz-Plus
650 _aOlivia
_vJuvenile Literature
650 _aBoard book
_vJuvenile Literature
700 _aBobco, Ann
_eBook designer
942 _2ddc
_cBK
_n0
999 _c7510
_d7510